|
|
|
|
| LEADER |
00000ntm a22000007u 4500 |
| 001 |
zp1015895 |
| 041 |
|
|
|a cze
|
| 100 |
1 |
|
|a Kamenská, Jindřiška
|4 dis
|
| 245 |
1 |
0 |
|a Socializace dítěte s těžkým (kombinovaným) postižením a možnosti ve vzdělávání
|
| 246 |
|
|
|a Highly handicapped child acculturation and education possibilities
|
| 260 |
|
|
|c 2009
|
| 300 |
|
|
|a 55 s.
|
| 500 |
|
|
|a Studijní obor: Sociální pedagogika
|
| 500 |
|
|
|a Studijní obor: Social pedagogy
|
| 500 |
|
|
|a Ústav: Institut mezioborových studií
|
| 500 |
|
|
|a Univerzita Tomáše Bati ve Zlíně. Fakulta humanitních studií
|
| 500 |
|
|
|a Tomas Bata University in Zlín. Faculty of Humanities
|
| 506 |
|
|
|a Bez omezení
|
| 653 |
|
|
|a diagnóza
|
| 653 |
|
|
|a mentální retardace
|
| 653 |
|
|
|a dítě s kombinovaným postižením
|
| 653 |
|
|
|a integrace
|
| 653 |
|
|
|a socializace
|
| 653 |
|
|
|a výchova
|
| 653 |
|
|
|a vzdělávání
|
| 653 |
|
|
|a ucelená rehabilitace
|
| 653 |
|
|
|a poradenský systém
|
| 653 |
|
|
|a diagnosis
|
| 653 |
|
|
|a mental retardation
|
| 653 |
|
|
|a combined handicapped child
|
| 653 |
|
|
|a integration
|
| 653 |
|
|
|a acculturation
|
| 653 |
|
|
|a raise
|
| 653 |
|
|
|a education
|
| 653 |
|
|
|a integral rehabilitation
|
| 653 |
|
|
|a consultancy system
|
| 655 |
|
4 |
|a bakalářská práce
|
| 700 |
1 |
|
|a Štěpánková, Lenka
|4 ths
|
| 710 |
2 |
|
|a Univerzita Tomáše Bati ve Zlíně. Fakulta humanitních studií
|4 dgg
|
| 710 |
2 |
|
|a Tomas Bata University in Zlín. Faculty of Humanities
|4 dgg
|
| 856 |
4 |
0 |
|u http://hdl.handle.net/10563/9923
|y Plný text v Digitální knihovně UTB
|